Football Players by Picture #1 - Statistics

General Stats
  • This quiz has been taken 113 times
  • The average score is 10 of 16
Answer Stats
Picture Answer % Correct
Olivier Giroud
96%
Samuel Etoo
88%
Sergio Busquets
88%
Mikel Arteta
82%
Raúl
81%
James Milner
76%
Dennis Bergkamp
71%
Dimitri Payet
70%
Marco van Basten
68%
Andriy Shevchenko
64%
Christian Benteke
49%
Emmanuel Adebayor
46%
Tomáš Souček
45%
Hatem Ben Arfa
44%
Denis Irwin
21%
Jimmy Floyd Hasselbaink
17%
No matching quizzes found
Score Distribution
Percent of People with Each Score
Percentile by Number Answered
Your Score History
You have not taken this quiz